00782cam a2200229 a 4500001001000000003000600010005001700016008004100033020001500074040003000089082001700119100003600136245005700172260004100229300002100270490003300291500004300324504005400367650005100421650004700472830003300519000013458UkOxU20200929163232.0760401s1974 sp b 001 0 spa  a8432505048 aDO-SdBNPbspacDLCdBNPHU a335.82bI24s1 aIglesias Selgas, Carlos,d1920-13aEl sindicalismo español /cCarlos Iglesias Selgas. aMadrid, (España) :bDoncel,c1974. a394 p. ;c18 cm.1 aLibro Joven de Bolsillo,v62 aIncluye notas biográficas del autor. aIncluye referencias bibliográficas p. [355-360] 4aSindicatos de trabajadoreszEspañaxHistoria 4aTrabajo y trabajadoreszEspañaxHistoria 0aLibro Joven de Bolsillo,v62